|
|
|
|
| LEADER |
01196nam a2200253 a 4500 |
| 001 |
3508246 |
| 008 |
110721s1996 nyu 000 0 eng |
| 010 |
|
|
|a 95051096
|
| 020 |
|
|
|a 0486287599 (pbk.)
|
| 040 |
|
|
|a DLC
|c DLC
|d DLC
|d BD-DhAAL
|
| 082 |
0 |
0 |
|a 828/.509
|2 20
|
| 100 |
1 |
|
|a Swift, Jonathan,
|d 1667-1745.
|
| 245 |
1 |
2 |
|a A modest proposal and other satirical works /
|c Jonathan Swift.
|
| 260 |
|
|
|a New York :
|b Dover,
|c 1996.
|
| 300 |
|
|
|a iv, 59 p. ;
|c 21 cm.
|
| 490 |
0 |
|
|a Dover thrift editions
|
| 505 |
0 |
|
|a The battle of the books (1697) -- A meditation upon a broomstick (1701) -- A discourse concerning the mechanical operation of the spirit (1704) -- An argument against abolishing Christianity in England (1708) --A modest proposal (1729).
|
| 541 |
|
|
|e 00023242
|
| 651 |
|
0 |
|a Ireland
|x Politics and government
|y 18th century
|x Humor.
|
| 650 |
|
0 |
|a Religious satire, English.
|
| 650 |
|
0 |
|a Political satire, English.
|
| 852 |
1 |
|
|a Ayesha Abed Library
|c General Shelf.
|
| 999 |
|
|
|c 11139
|d 11139
|
| 952 |
|
|
|0 0
|1 0
|2 ddc
|4 0
|6 828_509000000000000_SWI
|7 0
|9 17598
|a BRACUL
|b BRACUL
|c GEN
|d 2011-07-19
|e Traust Line International
|g 395.00
|l 7
|m 16
|o 828.509 SWI
|p 3010023242
|r 2025-05-23
|s 2025-05-23
|t 1
|w 2011-07-24
|y BK
|